[Event "74. C.to Provinciale PD-ROV"]
[Site "Monselice ITA"]
[Date "2014.01.24"]
[Round "1.5"]
[White "Fornasiero, Mattia"]
[Black "Franco, Alessandro P"]
[Result "0-1"]
[WhiteElo "1672"]
[BlackElo "1889"]
[Annotator "Gabriele Ballarin"]
[PlyCount "154"]
[EventDate "2014.01.24"]
[EventType "swiss"]
[EventRounds "5"]
[EventCountry "ITA"]

1. e4 e5 2. d4 exd4 3. Nf3 Nc6 4. Nxd4 Nf6 5. Nxc6 bxc6 6. e5 Qe7 7. Qd4 c5 8. Qe3 Ng4 9. Qg5 Nxe5 10. Be2 Qxg5 11. Bxg5 Be7 12. Bxe7 Kxe7 13. f4 Ng6 14. g3 Bb7 15. O-O Rhe8 16. Nc3 Kf8 17. Rad1 d6 18. Bc4 Re7 19. Rfe1 Rae8 20. Kf2 c6 21. Rxe7 Rxe7 22. Rxd6 Ke8 23. Rd2 f6 24. Na4 Re4 25. Re2 Rxe2+ 26. Kxe2 Ke7 27. Nxc5 Bc8 28. Bd3 Kd6 29. b4 Ne7 30. c4 h6 31. Ne4+ Kc7 32. Nc3 a5 33. a3 h5 34. Ke3 h4 35. gxh4 Bf5 36. Bxf5 Nxf5+ 37. Ke4 axb4 38. axb4 Nxh4 39. b5 cxb5 40. cxb5 Kb6 41. f5 Kc5 42. Kf4 Ng2+ 43. Kf3 Ne1+ 44. Kg4 Nd3 45. Ne4+ Kd5 46. Kf3 Ke5 47. b6 Kxf5 48. Nd6+ Ke6 49. b7 Ne5+ 50. Ke4 Nd7 51. b8=Q Nxb8 52. Nf5 g6 53. Ne3 Nc6 54. Kf3 Ke5 55. Ng4+ Kf5 56. Ne3+ Kg5 57. Kg3 Nd4 58. h4+ Kh5 59. Kh3 f5 60. Ng2 Ne2 61. Ne3 Kh6 62. Kg2 Nf4+ 63. Kg3 Nh5+ 64. Kh3 Kg7 65. Kg2 Kf6 66. Kf3 Ke6 67. Ng2 Ke5 68. Ke3 Nf6 69. Kf3 Nd5 70. Kg3 Ke4 71. Kf2 Nf4 72. Ne3 Nd3+ 73. Ke2 f4 74. Ng4 f3+ 75. Kf1 Kf4 76. Nf6 Kf5 77. Nd5 Kg4 0-1

[Event "74. C.to Provinciale PD-ROV"]
[Site "Monselice ITA"]
[Date "2014.01.24"]
[Round "1.6"]
[White "Zanirato, Stefano"]
[Black "Alessi, Giovanni"]
[Result "1-0"]
[WhiteElo "1876"]
[BlackElo "1700"]
[Annotator "Gabriele Ballarin"]
[PlyCount "57"]
[EventDate "2014.01.24"]
[EventType "swiss"]
[EventRounds "5"]
[EventCountry "ITA"]

1. e4 e5 2. Nf3 d6 3. d4 Nd7 4. Bc4 Be7 5. O-O Ngf6 6. Nc3 O-O 7. h3 exd4 8. Nxd4 Ne5 9. Be2 c5 10. Nf5 Bxf5 11. exf5 d5 12. Bg5 d4 13. Bxf6 Bxf6 14. Ne4 Qe7 15. f4 Nc6 16. Bf3 Rfe8 17. g4 Bh4 18. Qd2 Red8 19. Qg2 f6 20. g5 Kh8 21. Qg4 fxg5 22. fxg5 Bxg5 23. Qxg5 Qe5 24. f6 Qxg5+ 25. Nxg5 Ne5 26. fxg7+ Kg8 27. Be4 Rd7 28. Ne6 Re8 29. Rf8+ 1-0

[Event "74. C.to Provinciale PD-ROV"]
[Site "Monselice ITA"]
[Date "2014.01.24"]
[Round "1.7"]
[White "Pilotto, Alessandro"]
[Black "Calicchia, Giovanni"]
[Result "1/2-1/2"]
[WhiteElo "1610"]
[BlackElo "1851"]
[Annotator "Gabriele Ballarin"]
[PlyCount "130"]
[EventDate "2014.01.24"]
[EventType "swiss"]
[EventRounds "5"]
[EventCountry "ITA"]

1. d4 d5 2. Bf4 Nf6 3. c3 Nbd7 4. e3 e6 5. Be2 Be7 6. Nf3 Nh5 7. Ne5 Nxf4 8. exf4 O-O 9. O-O Bd6 10. g3 c5 11. Nd2 Qb6 12. Qb3 f6 13. Qxb6 Nxb6 14. Nef3 Bd7 15. Rfe1 cxd4 16. Nxd4 a6 17. Bg4 f5 18. Bh3 Kf7 19. N2f3 h6 20. Ne5+ Bxe5 21. Rxe5 Nc4 22. Re2 g5 23. fxg5 hxg5 24. Bg2 g4 25. Nxf5 Rae8 26. Nh6+ Kg7 27. Nxg4 e5 28. Ne3 Nxe3 29. Rxe3 Bc6 30. Rd3 e4 31. Rd4 Re6 32. Rad1 Ref6 33. R4d2 a5 34. b3 a4 35. Rc1 Re6 36. c4 e3 37. fxe3 dxc4 38. Bxc6 bxc6 39. Rxc4 axb3 40. axb3 Rxe3 41. Rd7+ Kg8 42. Rg4+ Kh8 43. Rd6 Rf7 44. Rh4+ Kg7 45. Rg4+ Kf8 46. b4 Re2 47. Rf4 Rxf4 48. gxf4 Re4 49. Rxc6 Rxb4 50. f5 Rf4 51. Rc5 Kg7 52. Kg2 Kf6 53. Kg3 Rxf5 54. Rxf5+ Kxf5 55. Kh4 Kg6 56. Kg4 Kh6 57. h3 Kg6 58. h4 Kh6 59. h5 Kg7 60. Kg5 Kh7 61. h6 Kg8 62. Kg6 Kh8 63. Kg5 Kh7 64. Kh5 Kg8 65. Kg6 Kh8 1/2-1/2

[Event "74. C.to Provinciale PD-ROV"]
[Site "Monselice ITA"]
[Date "2014.01.24"]
[Round "1.8"]
[White "Rosina, Graziano"]
[Black "Lodi, Paolo"]
[Result "1-0"]
[WhiteElo "1820"]
[BlackElo "1600"]
[Annotator "Gabriele Ballarin"]
[PlyCount "77"]
[EventDate "2014.01.24"]
[EventType "swiss"]
[EventRounds "5"]
[EventCountry "ITA"]

1. Nf3 Nf6 2. c4 g6 3. g3 d5 4. cxd5 Nxd5 5. Bg2 Bg7 6. O-O O-O 7. Qb3 Nb6 8. Nc3 Be6 9. Qa3 c6 10. d3 h6 11. Bd2 Kh7 12. Rac1 Re8 13. Ne4 Na6 14. Bc3 f6 15. Ba5 Nc7 16. Nc5 Nb5 17. Nxe6 Nxa3 18. Nxd8 Rexd8 19. bxa3 Rd7 20. Nd2 f5 21. Rc2 Na4 22. Nc4 b6 23. Bxc6 Rc7 24. Bxa8 bxa5 25. Bf3 Bd4 26. Rfc1 Rc5 27. Nd2 Nc3 28. Nb3 Nxe2+ 29. Bxe2 Rxc2 30. Rxc2 Bb6 31. a4 Kg7 32. Rc6 Kf7 33. d4 e6 34. Bc4 Ke7 35. d5 Kf6 36. Rxe6+ Kg5 37. Bd3 Kg4 38. Kg2 Kh5 39. Kh3 1-0

[Event "74. C.to Provinciale PD-ROV"]
[Site "Monselice ITA"]
[Date "2014.01.24"]
[Round "1.9"]
[White "Rigo, Filippo"]
[Black "Luisetto, Alessandro"]
[Result "1-0"]
[WhiteElo "1598"]
[BlackElo "1814"]
[Annotator "Gabriele Ballarin"]
[PlyCount "87"]
[EventDate "2014.01.24"]
[EventType "swiss"]
[EventRounds "5"]
[EventCountry "ITA"]

1. b3 d5 2. Bb2 c5 3. e3 Nf6 4. Bb5+ Bd7 5. Bxd7+ Nbxd7 6. f4 Qb6 7. Nf3 e6 8. O-O Be7 9. Qe2 O-O 10. Ne5 Rac8 11. c4 Bd6 12. Nxd7 Nxd7 13. cxd5 exd5 14. Bxg7 Kxg7 15. Qg4+ Kh8 16. Qxd7 c4 17. Nc3 Rcd8 18. Qb5 Qxb5 19. Nxb5 Bb4 20. Rfd1 a6 21. Nd4 Bc5 22. Nc2 Rfe8 23. d4 cxd3 24. Rxd3 Re4 25. Rad1 Kg7 26. Rxd5 Rxd5 27. Rxd5 Bxe3+ 28. Nxe3 Rxe3 29. Rd7 Re2 30. a4 b6 31. Rd6 Re6 32. Rxe6 fxe6 33. Kf2 Kf6 34. g4 e5 35. fxe5+ Kxe5 36. Ke3 Kd5 37. Kd3 Ke5 38. Kc4 Ke4 39. b4 Kf4 40. b5 a5 41. Kd5 Kxg4 42. Kc6 Kh3 43. Kxb6 Kxh2 44. Kxa5 1-0

[Event "74. C.to Provinciale PD-ROV"]
[Site "Monselice ITA"]
[Date "2014.01.24"]
[Round "1.10"]
[White "Fracasso Pezzolato, Michele"]
[Black "Daccico, Gianni"]
[Result "1-0"]
[WhiteElo "1813"]
[BlackElo "1581"]
[Annotator "Gabriele Ballarin"]
[PlyCount "37"]
[EventDate "2014.01.24"]
[EventType "swiss"]
[EventRounds "5"]
[EventCountry "ITA"]

1. e4 e5 2. Nf3 Nc6 3. Bb5 a6 4. Ba4 Nf6 5. O-O b5 6. Bb3 Bc5 7. c3 O-O 8. d4 Bd6 9. Bg5 Re8 10. Nbd2 Na5 11. dxe5 Bxe5 12. Nxe5 Rxe5 13. f4 Re7 14. e5 Nxb3 15. axb3 Nd5 16. Bxe7 Qxe7 17. Qf3 Rb8 18. Qxd5 Bb7 19. Qd3 1-0

[Event "74. C.to Provinciale PD-ROV"]
[Site "Monselice ITA"]
[Date "2014.01.24"]
[Round "1.11"]
[White "Martello, Andrea"]
[Black "Tissino, Tiziano"]
[Result "0-1"]
[WhiteElo "1471"]
[BlackElo "1802"]
[Annotator "Gabriele Ballarin"]
[PlyCount "46"]
[EventDate "2014.01.24"]
[EventType "swiss"]
[EventRounds "5"]
[EventCountry "ITA"]

1. e4 c5 2. Nf3 d6 3. d4 cxd4 4. Nxd4 a6 5. Be2 Nf6 6. Nc3 Nbd7 7. Bg5 b5 8. a3 Bb7 9. Bxf6 Nxf6 10. Qd3 Qb6 11. O-O-O g6 12. f4 Bh6 13. g3 e5 14. Ndxb5 axb5 15. Qxb5+ Qxb5 16. Nxb5 O-O 17. Nxd6 exf4 18. Bf3 fxg3+ 19. Kb1 Bc6 20. hxg3 Bg7 21. Rh2 Rfb8 22. Rd3 Nd7 23. Nc4 Ra4 0-1

[Event "74. C.to Provinciale PD-ROV"]
[Site "Monselice ITA"]
[Date "2014.01.24"]
[Round "1.12"]
[White "Belloni, Umberto"]
[Black "Bighin, Marco"]
[Result "1/2-1/2"]
[WhiteElo "1798"]
[BlackElo "1518"]
[Annotator "Gabriele Ballarin"]
[PlyCount "141"]
[EventDate "2014.01.24"]
[EventType "swiss"]
[EventRounds "5"]
[EventCountry "ITA"]

1. d4 Nf6 2. c3 g6 3. Bg5 Bg7 4. Qc1 h6 5. Bf4 d6 6. Nf3 Nbd7 7. h3 c5 8. e3 Qa5 9. Nbd2 b5 10. Nb3 Qb6 11. dxc5 Nxc5 12. Nxc5 Qxc5 13. Bd3 Bb7 14. O-O Bxf3 15. gxf3 Qh5 16. Kg2 a6 17. Qc2 Rc8 18. e4 Nd7 19. Be2 Qh4 20. Qd2 Rc5 21. Bg3 Qf6 22. a4 O-O 23. axb5 axb5 24. Ra7 Qe6 25. Rb7 Nf6 26. Qe3 Nh5 27. Rxb5 Nxg3 28. fxg3 Rfc8 29. Rd1 Rxb5 30. Bxb5 Rc5 31. Qe2 Qb3 32. Bd3 Ra5 33. Qc2 Qa2 34. h4 Qe6 35. Qe2 Qc8 36. f4 Qb8 37. Bc4 Qa7 38. Qf2 Qc7 39. Bd3 Ra2 40. Bb1 Ra4 41. Qc2 Ra1 42. c4 Qb6 43. b3 Qe3 44. Qd3 Qxd3 45. Rxd3 Rxb1 46. Kf3 Kf8 47. f5 gxf5 48. exf5 Be5 49. g4 Rf1+ 50. Ke4 Rf4+ 51. Kd5 Rxg4 52. b4 e6+ 53. fxe6 fxe6+ 54. Kxe6 Rxc4 55. Rb3 Rxh4 56. b5 Rf4 57. b6 Rf6+ 58. Kd5 Kg7 59. b7 Rf8 60. b8=Q Rxb8 61. Rxb8 Kg6 62. Ke4 Kg5 63. Rg8+ Kh5 64. Kf5 Kh4 65. Rg1 Kh3 66. Ke4 h5 67. Kf3 h4 68. Rh1+ Bh2 69. Rd1 Be5 70. Rh1+ Bh2 71. Rd1 1/2-1/2

[Event "74. C.to Provinciale PD-ROV"]
[Site "Monselice ITA"]
[Date "2014.01.24"]
[Round "1.14"]
[White "Bergamasco, Tommaso"]
[Black "Baù_226, Lorenzo"]
[Result "1-0"]
[WhiteElo "1744"]
[BlackElo "1411"]
[Annotator "Gabriele Ballarin"]
[PlyCount "59"]
[EventDate "2014.01.24"]
[EventType "swiss"]
[EventRounds "5"]
[EventCountry "ITA"]

1. e4 c5 2. Nf3 Nc6 3. Bb5 Qc7 4. O-O a6 5. Bxc6 bxc6 6. Nc3 e5 7. d3 d6 8. h3 g6 9. Nh2 Be7 10. f4 Bd7 11. fxe5 Be6 12. exd6 Bxd6 13. Nf3 O-O-O 14. Ng5 Re8 15. Qf3 f6 16. Nxe6 Rxe6 17. Qg4 Qd7 18. Na4 Kc7 19. Bf4 Ne7 20. Nxc5 f5 21. Qg3 Bxf4 22. Qxf4+ Qd6 23. Nxe6+ Kd7 24. Qxd6+ Kxd6 25. Nd4 c5 26. Nf3 Rb8 27. b3 Nc6 28. exf5 gxf5 29. Nh4 Nd4 30. Nxf5+ 1-0

[Event "74. C.to Provinciale PD-ROV"]
[Site "Monselice ITA"]
[Date "2014.01.24"]
[Round "1.15"]
[White "Brugnaro, Andrea"]
[Black "Simonetto, Andrea"]
[Result "0-1"]
[WhiteElo "1377"]
[BlackElo "1735"]
[Annotator "Gabriele Ballarin"]
[PlyCount "68"]
[EventDate "2014.01.24"]
[EventType "swiss"]
[EventRounds "5"]
[EventCountry "ITA"]

1. e4 c6 2. Nf3 d5 3. Nc3 Bg4 4. d3 d4 5. Ne2 c5 6. Bd2 Nc6 7. c4 g6 8. Rb1 e6 9. g3 Bxf3 10. Rg1 Bh6 11. Bxh6 Nxh6 12. h3 Ne5 13. Bg2 Qa5+ 14. Kf1 Bxg2+ 15. Kxg2 Ng8 16. a3 Qc7 17. f4 Nd7 18. b4 b6 19. bxc5 bxc5 20. Qd2 Ne7 21. Rb3 O-O 22. Rgb1 Rab8 23. g4 Rxb3 24. Rxb3 Rb8 25. Nc1 Rxb3 26. Nxb3 f5 27. e5 Qb7+ 28. Kg3 Qxb3 29. g5 Qxa3 30. Kh2 Nc6 31. h4 Nb4 32. Qg2 Qa2 33. Qxa2 Nxa2 34. Kg2 a5 0-1

[Event "74. C.to Provinciale PD-ROV"]
[Site "Monselice ITA"]
[Date "2014.01.24"]
[Round "1.16"]
[White "Solinas, Roberto"]
[Black "Brugnaro, Luca"]
[Result "1-0"]
[WhiteElo "1725"]
[BlackElo "1371"]
[Annotator "Gabriele Ballarin"]
[PlyCount "81"]
[EventDate "2014.01.24"]
[EventType "swiss"]
[EventRounds "5"]
[EventCountry "ITA"]

1. e4 g6 2. d4 Bg7 3. Nc3 d6 4. Bf4 c6 5. Qd2 a6 6. Nf3 Bg4 7. Be2 Nd7 8. h3 Bxf3 9. Bxf3 Qb6 10. O-O-O f6 11. Be3 Qc7 12. g4 e6 13. Bg2 Ne7 14. f4 Nb6 15. Qe2 Nd7 16. Qc4 d5 17. exd5 Nb6 18. Qc5 Nexd5 19. Nxd5 exd5 20. b3 Bf8 21. Qc3 f5 22. gxf5 gxf5 23. Qd3 Qf7 24. Kb1 Rg8 25. Qe2 O-O-O 26. Bc1 Re8 27. Qf2 Nd7 28. Rhe1 Nf6 29. Re5 Ne4 30. Bxe4 fxe4 31. Rg1 Bg7 32. Reg5 Qf6 33. Be3 Kc7 34. Qg3 Kb6 35. Rxg7 Rxg7 36. Qxg7 Qh4 37. Qg3 Qe7 38. f5 Qf6 39. Qg5 Qh8 40. f6 h6 41. Qg7 1-0

[Event "74. C.to Provinciale PD-ROV"]
[Site "Monselice ITA"]
[Date "2014.01.24"]
[Round "1.13"]
[White "Scandiuzzi, Roberto"]
[Black "Mocellin, Gianfranco"]
[Result "1/2-1/2"]
[WhiteElo "1443"]
[BlackElo "1718"]
[Annotator "Gabriele Ballarin"]
[PlyCount "52"]
[EventDate "2014.01.24"]
[EventType "swiss"]
[EventRounds "5"]
[EventCountry "ITA"]

1. g3 d5 2. Bg2 c6 3. d4 Bf5 4. Nf3 Nf6 5. O-O e6 6. Nbd2 Bd6 7. c4 dxc4 8. Nxc4 Qc7 9. Nxd6+ Qxd6 10. Bg5 Nbd7 11. Qb3 Nd5 12. Rfe1 O-O 13. e4 h6 14. Bxh6 gxh6 15. exf5 exf5 16. Ne5 Nxe5 17. Rxe5 Rad8 18. Bxd5 cxd5 19. Rxf5 Qe6 20. Re5 Qc6 21. Rae1 Rd6 22. Qf3 Rfd8 23. Qg4+ Rg6 24. Qf3 Rdd6 25. Qf4 Rgf6 26. Qd2 Kg7 1/2-1/2

[Event "74. C.to Provinciale PD-ROV"]
[Site "Monselice ITA"]
[Date "2014.01.25"]
[Round "2.1"]
[White "Lodici, Lorenzo"]
[Black "Rosina, Graziano"]
[Result "1/2-1/2"]
[WhiteElo "2097"]
[BlackElo "1820"]
[Annotator "Gabriele Ballarin"]
[PlyCount "93"]
[EventDate "2014.01.24"]
[EventType "swiss"]
[EventRounds "5"]
[EventCountry "ITA"]

1. f4 d5 2. Nf3 g6 3. g3 Bg7 4. Bg2 Nf6 5. O-O O-O 6. d3 c5 7. e3 Nc6 8. Qe2 Re8 9. Ne5 Qc7 10. Nxc6 bxc6 11. e4 e5 12. Nc3 d4 13. Nb1 exf4 14. Bxf4 Qb6 15. Nd2 Be6 16. b3 Nd7 17. g4 Be5 18. h4 Qc7 19. Qf3 Bxf4 20. Qxf4 Qxf4 21. Rxf4 Ne5 22. Bf3 Kg7 23. g5 Rh8 24. Kf2 h6 25. gxh6+ Rxh6 26. Rg1 Rah8 27. Kg3 f6 28. Bd1 g5 29. hxg5 fxg5 30. Rf2 Rh3+ 31. Kg2 Re3 {=} 32. Rh1 Bh3+ 33. Rxh3 Rexh3 34. Nf1 g4 35. Rf5 R3h5 36. Rf4 Rf8 37. Ng3 Rg5 38. Nf5+ Kh7 39. Kg3 Ng6 40. Rxg4 Rxg4+ 41. Kxg4 Kg8 42. Kg5 Ne5 43. Bh5 a5 44. a4 Kh8 45. Kf4 Nf7 46. Bxf7 Rxf7 47. e5 1/2-1/2

[Event "74. C.to Provinciale PD-ROV"]
[Site "Monselice ITA"]
[Date "2014.01.25"]
[Round "2.2"]
[White "Fracasso Pezzolato, Michele"]
[Black "Viaggi, Stefano"]
[Result "1/2-1/2"]
[WhiteElo "1813"]
[BlackElo "2058"]
[Annotator "Gabriele Ballarin"]
[PlyCount "106"]
[EventDate "2014.01.24"]
[EventType "swiss"]
[EventRounds "5"]
[EventCountry "ITA"]

1. e4 g6 2. d4 Bg7 3. c3 d5 4. e5 c5 5. Nf3 Nc6 6. a3 Bg4 7. b4 cxd4 8. cxd4 Bxf3 9. gxf3 Nh6 10. Be3 Nf5 11. Nc3 O-O 12. Be2 Rc8 13. Rc1 Nxe5 14. Nxd5 Qxd5 15. dxe5 Nxe3 16. fxe3 Qxe5 17. Kf2 Rxc1 18. Qxc1 Rd8 19. h4 h5 20. f4 Qf6 21. Qc7 e5 22. Qxe5 Qxe5 23. fxe5 Bxe5 24. Rc1 Rd7 25. a4 Bf6 26. Rc4 Kg7 27. Kg3 Bd8 28. a5 a6 29. Bf3 Bc7+ 30. Kf2 Be5 31. Rc5 f6 32. b5 Rd2+ 33. Be2 axb5 34. Rxb5 Rb2 35. Rxb2 Bxb2 36. a6 bxa6 37. Bxa6 g5 38. hxg5 fxg5 39. Bc8 Kf6 40. Kf3 Be5 41. Bh3 Bc7 42. Bc8 Bb6 43. Bh3 Ke5 44. e4 Bg1 45. Bc8 Bh2 46. Bh3 Bf4 47. Bc8 Kd4 48. Bh3 Kd3 49. Bf5 Kd2 50. Bg6 h4 51. Kg4 Ke3 52. Bf5 Kd4 53. Kh3 Ke5 1/2-1/2

[Event "74. C.to Provinciale PD-ROV"]
[Site "Monselice ITA"]
[Date "2014.01.25"]
[Round "2.3"]
[White "Rigo, Gianfrancesco"]
[Black "Bergamasco, Tommaso"]
[Result "0-1"]
[WhiteElo "2013"]
[BlackElo "1744"]
[Annotator "Gabriele Ballarin"]
[PlyCount "54"]
[EventDate "2014.01.24"]
[EventType "swiss"]
[EventRounds "5"]
[EventCountry "ITA"]

1. e4 c5 2. Nc3 Nc6 3. f4 d6 4. Nf3 g6 5. Bc4 Bg7 6. O-O e6 7. d3 Nge7 8. f5 exf5 9. Ng5 O-O 10. exf5 Bd4+ 11. Kh1 Bxf5 12. Nxf7 Rxf7 13. Bxf7+ Kxf7 14. g4 Kg7 15. gxf5 Nxf5 16. Ne4 h6 17. c3 Be5 18. Rxf5 gxf5 19. Qh5 f4 20. Bxf4 Bxf4 21. Rg1+ Kh8 22. Qf7 Qf8 23. Qg6 Ne5 24. Qe6 Be3 25. Nf6 Bxg1 26. Kxg1 Qg7+ 27. Kf1 Rf8 0-1

[Event "74. C.to Provinciale PD-ROV"]
[Site "Monselice ITA"]
[Date "2014.01.25"]
[Round "2.4"]
[White "Tissino, Tiziano"]
[Black "Carini, Massimo"]
[Result "0-1"]
[WhiteElo "1802"]
[BlackElo "1953"]
[Annotator "Gabriele Ballarin"]
[PlyCount "90"]
[EventDate "2014.01.24"]
[EventType "swiss"]
[EventRounds "5"]
[EventCountry "ITA"]

1. Nf3 d5 2. g3 Nc6 3. Bg2 Bf5 4. O-O Qd7 5. c3 Bh3 6. Bxh3 Qxh3 7. Qb3 O-O-O 8. d4 Nf6 9. Bf4 Ng4 10. Nbd2 h5 11. Rfd1 h4 12. gxh4 f6 13. Nf1 e6 14. Rd3 Bd6 15. Bxd6 cxd6 16. Ne5 Qxh4 17. Nxg4 Qxg4+ 18. Rg3 Qxe2 19. Rc1 g5 20. Rc2 Qc4 21. Qxc4 dxc4 22. Re2 Kd7 23. Rge3 Rde8 24. Nd2 d5 25. b3 b5 26. bxc4 bxc4 27. Nf1 e5 28. dxe5 Nxe5 29. Rb2 Rb8 30. Ree2 Nd3 31. Rxb8 Rxb8 32. Ne3 Rb1+ 33. Nf1 Rc1 34. Rd2 Rxc3 35. Ng3 Nf4 36. Ne2 Nxe2+ 37. Rxe2 d4 38. Rb2 Rc1+ 39. Kg2 d3 40. Rd2 Rc2 41. Rd1 d2 42. Kf3 c3 43. a4 Rc1 44. Ke2 Rxd1 45. Kxd1 Kd6 0-1

[Event "74. C.to Provinciale PD-ROV"]
[Site "Monselice ITA"]
[Date "2014.01.25"]
[Round "2.5"]
[White "Franco, Alessandro P"]
[Black "Solinas, Roberto"]
[Result "1-0"]
[WhiteElo "1889"]
[BlackElo "1725"]
[Annotator "Gabriele Ballarin"]
[PlyCount "51"]
[EventDate "2014.01.24"]
[EventType "swiss"]
[EventRounds "5"]
[EventCountry "ITA"]

1. e4 c6 2. Nc3 d5 3. Nf3 Bg4 4. h3 Bxf3 5. Qxf3 Nf6 6. e5 Nfd7 7. d4 e6 8. Qg3 Qb6 9. f4 Qxd4 10. Be3 Qb4 11. O-O-O Qe7 12. Qf2 f6 13. exf6 Nxf6 14. g4 b6 15. Bg2 Nbd7 16. Rhe1 Qf7 17. f5 e5 18. g5 Ng8 19. Nxd5 O-O-O 20. Nxb6+ axb6 21. Bxb6 Nxb6 22. Rxd8+ Kxd8 23. Qxb6+ Qc7 24. Rd1+ Kc8 25. Qa6+ Kb8 26. Bxc6 1-0

[Event "74. C.to Provinciale PD-ROV"]
[Site "Monselice ITA"]
[Date "2014.01.25"]
[Round "2.6"]
[White "Simonetto, Andrea"]
[Black "Zanirato, Stefano"]
[Result "0-1"]
[WhiteElo "1735"]
[BlackElo "1876"]
[Annotator "Gabriele Ballarin"]
[PlyCount "36"]
[EventDate "2014.01.24"]
[EventType "swiss"]
[EventRounds "5"]
[EventCountry "ITA"]

1. d4 Nf6 2. c4 e6 3. Nc3 Bb4 4. f3 Bxc3+ 5. bxc3 d6 6. e4 O-O 7. Bd3 e5 8. Ne2 c5 9. d5 Qa5 10. O-O Bd7 11. a4 a6 12. Bg5 Qd8 13. Qb3 b5 14. cxb5 axb5 15. axb5 Qb6 16. Rxa8 c4+ 17. Kh1 cxb3 18. Rb1 h6 0-1

[Event "74. C.to Provinciale PD-ROV"]
[Site "Monselice ITA"]
[Date "2014.01.25"]
[Round "2.7"]
[White "Calicchia, Giovanni"]
[Black "Rigo, Filippo"]
[Result "1-0"]
[WhiteElo "1851"]
[BlackElo "1598"]
[Annotator "Gabriele Ballarin"]
[PlyCount "111"]
[EventDate "2014.01.24"]
[EventType "swiss"]
[EventRounds "5"]
[EventCountry "ITA"]

1. e4 g6 2. d4 Bg7 3. Nf3 d6 4. Be2 Nc6 5. h3 Nf6 6. Nc3 e6 7. O-O O-O 8. Be3 b5 9. a3 Bb7 10. Nd2 e5 11. d5 Nd4 12. Nb3 Nxb3 13. cxb3 c6 14. dxc6 Bxc6 15. Bf3 Qc7 16. Rc1 Qe7 17. b4 Rac8 18. Qd2 Rfe8 19. Rfd1 Rcd8 20. Bg5 Qb7 21. Bxf6 Bxf6 22. Nd5 Bxd5 23. Qxd5 Qxd5 24. Rxd5 Be7 25. Rc6 Ra8 26. Kf1 Rec8 27. Rxc8+ Rxc8 28. Ke2 Rc2+ 29. Rd2 Rc4 30. Kd3 f5 31. exf5 Rd4+ 32. Kc2 Rc4+ 33. Kb3 e4 34. Be2 Rc6 35. fxg6 hxg6 36. Rc2 Rb6 37. Bg4 Kf7 38. Re2 d5 39. f3 exf3 40. Bxf3 Rd6 41. Kc3 Bf6+ 42. Kd3 g5 43. Bh5+ Kg7 44. Rc2 Kh6 45. Bf3 Kg6 46. b3 Kf5 47. a4 bxa4 48. bxa4 Rb6 49. Bxd5 Rxb4 50. Rc4 Rb3+ 51. Kd2 Ra3 52. Bb7 a5 53. Bc6 Rg3 54. Ke2 Bc3 55. Bf3 Ke5 56. Rxc3 1-0

[Event "74. C.to Provinciale PD-ROV"]
[Site "Monselice ITA"]
[Date "2014.01.25"]
[Round "2.8"]
[White "Mocellin, Gianfranco"]
[Black "Belloni, Umberto"]
[Result "1/2-1/2"]
[WhiteElo "1778"]
[BlackElo "1798"]
[Annotator "Gabriele Ballarin"]
[PlyCount "128"]
[EventDate "2014.01.24"]
[EventType "swiss"]
[EventRounds "5"]
[EventCountry "ITA"]

1. e4 e6 2. Nc3 d5 3. e5 c5 4. Bb5+ Bd7 5. Nf3 Bxb5 6. Nxb5 Nc6 7. O-O a6 8. Nc3 Nge7 9. d3 Ng6 10. Re1 Qc7 11. g3 Be7 12. Bf4 Nxf4 13. gxf4 g6 14. d4 b5 15. Ne2 c4 16. c3 a5 17. b3 a4 18. bxc4 bxc4 19. Rb1 Qa5 20. Rb7 Rb8 21. Rxb8+ Nxb8 22. Qc2 O-O 23. Rb1 Ba3 24. Rb7 Nc6 25. Qb1 Qa8 26. h4 Rb8 27. Rb5 Be7 28. Kg2 Bd8 29. Kg3 Bc7 30. f5 Rxb5 31. Qxb5 Bd8 32. Kg4 Kf8 33. fxg6 hxg6 34. Ng5 a3 35. Nh7+ Kg7 36. Ng5 Be7 37. Ng3 Qe8 38. Qb6 Nd8 39. Qc7 Bxg5 40. hxg5 Kf8 41. Nf1 Qe7 42. Qc8 Ke8 43. Ne3 Qb7 44. Qxb7 Nxb7 45. Nc2 Kd7 46. Kf3 Kc6 47. Ke2 Nd8 48. Nxa3 Kb6 49. Nc2 Ka5 50. Kd1 Nc6 51. f4 Ne7 52. Ne3 Ka4 53. Kc1 Ka3 54. Kb1 Nc8 55. Nc2+ Ka4 56. Nb4 Kb5 57. Kb2 Nb6 58. Kc2 Nc8 59. a4+ Kb6 60. a5+ Kb7 61. Kb2 Na7 62. a6+ Kb6 63. Kc2 Kc7 64. Kb2 Kb6 1/2-1/2

[Event "74. C.to Provinciale PD-ROV"]
[Site "Monselice ITA"]
[Date "2014.01.25"]
[Round "2.9"]
[White "Bighin, Marco"]
[Black "Pilotto, Alessandro"]
[Result "0-1"]
[WhiteElo "1518"]
[BlackElo "1610"]
[Annotator "Gabriele Ballarin"]
[PlyCount "96"]
[EventDate "2014.01.24"]
[EventType "swiss"]
[EventRounds "5"]
[EventCountry "ITA"]

1. e4 e6 2. d3 g6 3. g3 Bg7 4. Bg2 Nc6 5. c3 b6 6. Nd2 Bb7 7. Ngf3 Nge7 8. Nb3 Rb8 9. O-O O-O 10. Be3 d6 11. Qd2 a5 12. Bh6 Ba6 13. Bxg7 Kxg7 14. Nbd4 h6 15. Ne2 Ne5 16. Nxe5 dxe5 17. Rad1 c5 18. b3 Qc7 19. f4 Rbd8 20. Qe3 Rd7 21. g4 Rfd8 22. c4 exf4 23. Rxf4 Qe5 24. Rdf1 Nc6 25. Qg3 Qb2 26. R4f2 Qe5 27. Nf4 Qd4 28. h4 Ne5 29. Ne2 Qd6 30. Nc1 Re7 31. Qf4 Rdd7 32. Qf6+ Kh7 33. Qf4 Kg7 34. Rd1 b5 35. Rfd2 Nc6 36. Qxd6 Rxd6 37. Ne2 Ne5 38. g5 h5 39. Nc3 Rb6 40. Nxb5 Bxb5 41. cxb5 Rxb5 42. d4 cxd4 43. Rxd4 Rc5 44. Ra4 Rec7 45. Rad4 Rc2 46. R4d2 R7c3 47. Kf2 Ng4+ 48. Kg1 Rg3 {Nur} 0-1

[Event "74. C.to Provinciale PD-ROV"]
[Site "Monselice ITA"]
[Date "2014.01.25"]
[Round "2.10"]
[White "Luisetto, Alessandro"]
[Black "Scandiuzzi, Roberto"]
[Result "1-0"]
[WhiteElo "1814"]
[BlackElo "1438"]
[Annotator "Gabriele Ballarin"]
[PlyCount "75"]
[EventDate "2014.01.24"]
[EventType "swiss"]
[EventRounds "5"]
[EventCountry "ITA"]

1. Nf3 Nf6 2. c4 e6 3. g3 Be7 4. Bg2 c6 5. O-O O-O 6. d4 d5 7. Nc3 Nbd7 8. cxd5 exd5 9. Qc2 h6 10. Nh4 Nb6 11. Nf5 Bxf5 12. Qxf5 Qd7 13. Qc2 Nc4 14. Rd1 Qc7 15. e4 dxe4 16. Nxe4 Nb6 17. Bf4 Qd8 18. Nc5 Qc8 19. Rac1 Nbd5 20. Be5 Bxc5 21. Qxc5 Nd7 22. Qa3 Nxe5 23. dxe5 Qe6 24. f4 Qe7 25. Qxe7 Nxe7 26. Rd7 Rfe8 27. Rxb7 Rab8 28. Rxb8 Rxb8 29. b3 Rc8 30. Rc5 Kf8 31. b4 Ke8 32. Kf2 Kd8 33. Be4 f5 34. exf6 gxf6 35. Ke3 Rc7 36. a3 a6 37. Rh5 Ng8 38. Ra5 1-0

[Event "74. C.to Provinciale PD-ROV"]
[Site "Monselice ITA"]
[Date "2014.01.25"]
[Round "2.11"]
[White "Daccico, Gianni"]
[Black "De Marchi, Alessandro"]
[Result "1/2-1/2"]
[WhiteElo "1581"]
[BlackElo "1716"]
[Annotator "Gabriele Ballarin"]
[PlyCount "37"]
[EventDate "2014.01.24"]
[EventType "swiss"]
[EventRounds "5"]
[EventCountry "ITA"]

1. e4 c5 2. Bc4 e6 3. d3 Nc6 4. Nf3 g6 5. Nc3 a6 6. O-O b5 7. Bb3 Bg7 8. Ne2 Nge7 9. Ng3 O-O 10. c3 d5 11. Bd2 c4 12. dxc4 bxc4 13. Bc2 Rb8 14. Qc1 f5 15. exf5 Nxf5 16. Bxf5 gxf5 17. Rb1 Qa5 18. Bh6 Qc7 19. Qg5 {=} 1/2-1/2